Muslims in Meerut : Re-visited (Record no. 17254)

MARC details
000 -LEADER
fixed length control field 00537nam a2200169Ia 4500
082 ## - DEWEY DECIMAL CLASSIFICATION NUMBER
Classification number RC.0111
100 ## - MAIN ENTRY--AUTHOR NAME
Personal name Chauhan, Brij Raj and others
245 #0 - TITLE STATEMENT
Title Muslims in Meerut : Re-visited
260 ## - PUBLICATION, DISTRIBUTION, ETC. (IMPRINT)
Year of publication 2001
Name of publisher Indian Council of Social Science Research, New Delhi
300 ## - PHYSICAL DESCRIPTION
Number of Pages 43p.
504 ## - BIBLIOGRAPHY, ETC. NOTE
Bibliography, etc Bibliography at the end.
650 ## - SUBJECT ADDED ENTRY--TOPICAL TERM
Topical Term MUSLIMS - MEERUT REGION
650 ## - SUBJECT ADDED ENTRY--TOPICAL TERM
Topical Term GADDIS, THE - INDIA
650 ## - SUBJECT ADDED ENTRY--TOPICAL TERM
Topical Term COMMUNITY DEVELOPMENT - MEERUT REGION - KHIRWA JALALPUR
710 ## - ADDED ENTRY--CORPORATE NAME
Corporate name or jurisdiction name as entry element Institute of Social Development, Udaipur
942 ## - ADDED ENTRY ELEMENTS (KOHA)
Koha item type Research Reports
Source of classification or shelving scheme Dewey Decimal Classification
Holdings
Withdrawn status Lost status Damaged status Not for loan Collection code Home library Current library Date acquired Bill Date Full call number Accession Number Price effective from Koha item type
      Not For Loan Minor Research project Reports NASSDOC Library NASSDOC Library 08/10/2004 2004-10-05 RC.0111 38309 18/04/2019 Research Reports
          NASSDOC Library NASSDOC Library 08/10/2004 2004-10-05 RC.0111 38310 18/04/2019 Books